[Event "American Continental 3rd"]
[Site "Buenos Aires"]
[Date "2005.08.14"]
[Round "9"]
[White "Mosquera, Miguel"]
[Black "Leitao, Rafael Duailibe"]
[Result "0-1"]
[WhiteElo "2442"]
[BlackElo "2598"]
[Annotator "Finkel,A"]
[PlyCount "128"]
[EventDate "2005.08.06"]
[EventType "swiss"]
[EventRounds "11"]
[EventCountry "ARG"]
[SourceTitle "CBM 109"]
[Source "ChessBase"]
[SourceDate "2005.11.14"]
[SourceVersion "1"]
[SourceVersionDate "2005.11.14"]
[SourceQuality "1"]

1. e4 d6 2. d4 Nf6 3. Nc3 g6 4. f3 c6 5. Be3 Nbd7 6. Qd2 b5 7. O-O-O b4 8. Nce2
a5 9. g4 Nb6 10. b3 $6 {Quite useless move, as white knight is going to g3
anyway!} (10. Ng3 h5 11. g5 Nfd7 12. h4 d5 (12... Qc7 13. f4 Bb7 14. Qf2 Bg7
15. Nh3 a4 16. f5 b3 17. a3 c5 18. c3 cxd4 19. Bxd4 Bxd4 20. Qxd4 O-O-O $13 {
Apicella,M-Fressinet,L/Paris 2005}) 13. Bd3 e6 14. Kb1 Qc7 15. N1e2 Ba6 16. Nf4
Nc4 17. Qe2 Nxe3 18. Qxe3 Bxd3 19. cxd3 Bd6 20. Nge2 Nb6 $15 {Tolnai,T-Chernin,
A/Austria 1994}) (10. Nf4 h5 11. g5 Nfd7 12. Ng2 d5 13. Bd3 e6 14. f4 Bb7 15.
Nf3 Qc7 16. Qe2 c5 17. dxc5 Bxc5 18. Bxc5 Qxc5 19. f5 $16 {Wei Chenpeng-Hess,R/
Chalkidiki 2003}) 10... Qc7 11. Ng3 Bb7 12. h4 Nfd7 13. h5 Rg8 {It's clear
that black is not going to castle kingside, so he doesn't mind to play this
move.} 14. hxg6 $6 (14. Nh3 {[%csl Rh7][%cal Gh3g5]}) 14... hxg6 15. Nh3 $5 {
A typical maneuver for this type of positions. The knight is going to g5 to
put a pressure on f7.} (15. f4 $5 c5 16. dxc5 Nxc5 17. Bb5+ Bc6 18. Bxc6+ Qxc6
19. Nf3 Bg7 (19... Nxe4 $2 20. Nxe4 Qxe4 21. Ng5 Qc6 22. Bxb6 Qxb6 23. Qd5 $18)
20. Nd4 Qd7 21. g5 $13) 15... Bg7 16. Ng5 c5 17. Kb1 $6 {White had to take
advantage of a bit shaky position of a black king in the center y opening up
the position:} (17. e5 $1 dxe5 18. dxc5 Nd5 (18... Nxc5 $2 19. Bb5+ Bc6 20.
Bxc5 Bxb5 21. Bxb6 Qxb6 22. Qd5 $18) 19. Bc4 N7f6 20. N3e4 $36) 17... Rc8 18.
dxc5 Nxc5 19. Bb5+ Bc6 20. Bxc6+ Qxc6 21. Bd4 (21. Rh7 $5) 21... Bxd4 22. Qxd4
f6 23. Nh3 {[%csl Rg3,Rh3]} Ncd7 24. Qf2 Ne5 25. Nf4 {The position remains
balance in any case, but it was better to get the pawns going by} (25. g5 $1
Nbd7 26. f4 Nf7 27. gxf6 Nxf6 28. Rhe1 $132 {and white may disturb black king
by pushing e5 in the nearest future.}) 25... Qc5 26. Qxc5 $6 (26. Qe2 a4 27.
Nd5 $13) 26... Rxc5 27. Nd3 Rc8 $15 28. Rdf1 Kd7 29. Ne2 Rh8 30. Nxe5+ (30. Nd4
$1 d5 31. Nc5+ Kd6 32. Nb7+ Kc7 33. Nxa5 Rxh1 34. Rxh1 dxe4 35. fxe4 Nxg4 36.
Nb5+ $13) 30... fxe5 {[%csl Rf3] Black enjoys slightly better chances in the
endgame due to a weakness of white pawn on f3 and a more active rook, but
white should hold this position easily.} 31. Kb2 Rcf8 32. Rxh8 Rxh8 33. Rf2 g5
34. a3 $6 (34. c3 Kc6 35. Nc1 e6 36. Nd3 bxc3+ (36... Kb5 37. c4+ Kc6 38. c5
$11) 37. Kxc3 Nd7 38. Kd2 d5 39. Ke3 $11) 34... bxa3+ 35. Kxa3 e6 36. Nc3 Kc6
37. Na4 Nd7 38. c4 Rf8 39. Rf1 (39. Kb2 Rf4 (39... Nf6 40. Rh2 $11) 40. Nc3 Nf6
41. Ne2 Nxe4 42. Nxf4 Nxf2 43. Nxe6 Nh3 $15) 39... Nc5 40. Nxc5 Kxc5 41. Ka4
Rh8 42. Ra1 (42. Rd1) 42... Rh7 $1 43. Ra2 Rh8 44. Ra1 Rf8 45. Rf1 Rf7 46. Rf2
Rh7 47. Ra2 Rh3 $1 $17 48. Kxa5 (48. Rf2 Rh1 49. Ra2 (49. Ka3 Kd4 50. Rd2+ Kc3
$1 (50... Ke3 $2 51. Rxd6 Kxf3 52. Rxe6 Kxe4 53. Ka4 $11) 51. Ra2 Rb1 $19)
49... Rb1 50. Ra3 Kb6 51. Ra2 Rf1 $17) 48... Rxf3 49. b4+ Kxc4 50. b5 Rf8 51.
Kb6 d5 $19 52. Kc6 dxe4 53. b6 e3 54. b7 Rb8 55. Kc7 (55. Ra3 Kd4 56. Kc7 Rxb7+
57. Kxb7 e2 58. Ra1 Ke3 59. Kc6 Kf2 60. Kd6 e4 $19) 55... Rxb7+ 56. Kxb7 Kd3
57. Kc6 e2 58. Ra1 Kd2 59. Kd6 e4 60. Ra2+ Ke3 61. Ra1 Kf2 62. Ke5 e1=Q 63.
Rxe1 Kxe1 64. Kxe4 Kf2 0-1

[Event "ARM-ch"]
[Site "Yerevan"]
[Date "2000.09.07"]
[Round "8"]
[White "Yegiazarian, Arsen"]
[Black "Minasian, Artashes"]
[Result "1-0"]
[WhiteElo "2527"]
[BlackElo "2595"]
[Annotator "Finkel,A"]
[PlyCount "97"]
[EventDate "2000.08.30"]
[EventType "tourn"]
[EventRounds "9"]
[EventCountry "ARM"]
[EventCategory "11"]
[SourceTitle "CBM 079"]
[Source "ChessBase"]
[SourceDate "2000.11.21"]
[SourceVersion "1"]
[SourceVersionDate "2000.11.21"]
[SourceQuality "1"]

1. e4 g6 2. d4 d6 3. Nc3 c6 4. g3 Na6 {Minasian is known for his
incompromising advanturous style and the move in the game is a good example of
it.} (4... Bg7 5. Bg2 b5 (5... Qc7 6. Nge2 e5 7. O-O Nf6 8. a4 a5 9. b3 O-O 10.
Ba3 Re8 11. Qd2 Na6 12. d5 Nb4 $13 {Scheckenbach,F-Koenig,D/OL9495}) (5... Nd7
6. Nge2 e5 7. Be3 Ngf6 8. h3 O-O 9. a4 (9. O-O Qc7 10. Re1 b5 11. d5 b4 12.
dxc6 Qxc6 13. Nd5 Nxd5 14. exd5 Qc7 $132 {Calota,A-Bogza,A/ROM-chT 1998}) 9...
Re8 10. O-O exd4 11. Bxd4 Qc7 12. g4 h5 13. g5 Nh7 14. Bxg7 Kxg7 15. f4 $14 {
Petschar,K-Koenig,D/AUT-chT9495}) 6. a3 Bb7 7. Nge2 Nd7 8. O-O Qc7 9. f4 e5 10.
fxe5 dxe5 11. d5 Ngf6 12. Kh1 O-O $132 {Bancod,R-Hickl,J/Liechtenstein op 1993}
) 5. Bg2 Nc7 6. Nge2 Bg7 7. O-O Nf6 8. h3 O-O 9. Be3 e5 10. Qd2 b6 (10... exd4
11. Nxd4 d5 12. exd5 Ncxd5 13. Nxd5 Nxd5 14. Bh6 $14) 11. Rad1 Ba6 $6 {Bishop
has absolutely nothing to do on a6.} 12. Rfe1 Re8 13. f4 Bxe2 14. Qxe2 exf4 {
Continueing to play in the same manner.} (14... exd4 15. Bxd4 d5 16. e5 Nd7 17.
Qg4 Qe7 18. Ne2 Rad8 19. c3 $14) 15. gxf4 d5 16. e5 Nh5 (16... Nd7 17. Qg4 f5
18. Qg3 Ne6 19. h4 Kf7 20. Ne2 $14 {[%cal Gc2c4]}) 17. Qf2 Qd7 18. f5 $1 Qxf5 (
18... Bf8 19. f6 $16 {[%csl Rh5][%cal Gg1h2,Gg2f3]}) 19. Qxf5 gxf5 20. Ne2 Bf8
21. Rf1 Ng7 22. Ng3 f6 23. Bf4 $8 fxe5 $6 {Dubious idea.Instead of sacrificing
an exchange black should think about defense:} (23... Nce6 24. exf6 Nxf4 25.
fxg7 Bd6 26. Nxf5 Bc7 27. Rde1 $18) (23... Nge6 $1 24. exf6 Nxf4 25. Rxf4 Bd6
26. Rxf5 Kf7 27. Nh5 (27. Kf2 Re6 28. Rd3 Rxf6 $11) 27... Re2 28. Rf2 Rxf2 29.
Kxf2 Ne8 30. c4 $14) 24. Bxe5 Rxe5 $6 25. dxe5 Bc5+ 26. Kh1 Rf8 27. c4 $1 f4 (
27... dxc4 28. Bxc6 f4 29. Ne4 Nce6 30. Nxc5 bxc5 31. Rd7 $18) 28. Ne2 Nf5 29.
cxd5 $1 Ne3 $6 (29... cxd5 30. Rxf4 (30. Bxd5+ $6 Nxd5 31. Rxd5 Ne3 32. Rg1+
Kh8 33. Rd7 (33. Rd3 f3) 33... f3 $132) (30. Rd3 $1) 30... Ng3+ 31. Nxg3 Rxf4
32. Bxd5+ Nxd5 33. Rxd5 Rf3 34. Ne4 $16) 30. d6 $1 {Deciding the game in
white's favour.} Nxd1 (30... Ne6 31. Bxc6 f3 32. Nc3 Nxf1 33. Rxf1 f2 34. Bd5
Kf7 35. Ne4 $18 {[%cal Ge4g5,Ge4f2]}) 31. Rxd1 Nd5 32. d7 Kf7 33. Bxd5+ cxd5
34. Nxf4 Ke7 35. Rxd5 $1 $18 Rd8 36. Kg2 (36. e6 $6 Bd6 37. Rxd6 Kxd6 38. Kg2
Ke7 39. Kf3 Kd6 40. Ke4 $16) 36... Rxd7 37. Rxd7+ Kxd7 38. Kf3 Bd4 39. Nd3 Bg1
40. Ke4 Bh2 41. Kd5 Bg3 42. Nb4 h5 43. Nc6 a5 44. a4 h4 45. e6+ Ke8 46. Nd4 Ke7
47. Nf5+ Kf6 48. Nd6 Be1 49. Nc8 1-0

[Event "FIDE World Cup"]
[Site "Khanty-Mansiysk"]
[Date "2005.12.04"]
[Round "3.2"]
[White "Bruzon Batista, Lazaro"]
[Black "Bareev, Evgeny"]
[Result "0-1"]
[WhiteElo "2677"]
[BlackElo "2675"]
[Annotator "Finkel,A"]
[PlyCount "124"]
[EventDate "2005.11.27"]
[EventType "k.o."]
[EventRounds "7"]
[EventCountry "RUS"]
[SourceTitle "CBM 111"]
[Source "ChessBase"]
[SourceDate "2006.04.04"]
[SourceVersion "1"]
[SourceVersionDate "2006.04.04"]
[SourceQuality "1"]

1. e4 g6 2. d4 Bg7 3. Nf3 d6 4. c3 Nf6 5. Bd3 Nc6 6. O-O O-O 7. Na3 e5 8. dxe5
dxe5 9. Nc4 Nh5 10. Re1 Nf4 11. Bxf4 {This was the second game of the match.
After winning the first one with Black the young Cuban grandmaster neded to
make a draw to advance to the next round of the World Cup...} (11. Bf1 Qxd1 12.
Rxd1 Bg4 13. Be3 Bxf3 14. gxf3 Rfd8 15. b4 a6 16. a4 Kf8 17. b5 axb5 18. axb5
Rxa1 19. Rxa1 Ne7 $13 {WAGNER-Kasparov,G/Internet ICC 1998}) 11... exf4 12. e5
(12. Qc2 Qe7 13. Rad1 Bg4 14. Be2 Rad8 15. h3 Be6 16. Ncd2 g5 17. Nb3 Ne5 18.
Nxe5 Bxe5 $11 {Dunis,A-Czebe,A/Leipzig 2002}) 12... Be6 13. Qe2 Qe7 14. Be4 {
A very logical move, but since White would be happy with a draw} (14. Qe4 $5
Bf5 15. Qe2 $11 {deserved attention.}) 14... Qc5 15. Ncd2 Nxe5 16. Bxb7 ({After
} 16. Nxe5 Qxe5 (16... Bxe5 $6 17. Bxb7 Rab8 18. Qxe5 Qxe5 19. Rxe5 Rxb7 20. b4
$14) 17. Nf3 Qc5 18. Bxb7 Rab8 19. Be4 Qb5 $1 $15 {[%csl Rb2,Rc3] White would
have problems defending his queenside pawns.}) 16... Rab8 17. Nxe5 ({Further
simplifications wouldn't work out for White as after} 17. Nb3 $2 Bxb3 18. axb3
Rxb7 19. Nxe5 Qxe5 20. Qxe5 Bxe5 21. Rxe5 Rxb3 22. Rxa7 Rxb2 23. h3 Rd8 $1 $17
{[%csl Rg1][%cal Gd8d1] White doesn't have time to capture on c7.}) 17... Rxb7
18. Nb3 Qb5 19. Qxb5 (19. Nd3 Qg5 20. Nbc5 Bd5 21. Ne4 Qf5 22. Nb4 Bxe4 23.
Qxe4 Qxe4 24. Rxe4 c5 25. Nd3 Rd8 $17) 19... Rxb5 {[%csl Rb2] The position
remains balanced, but Black enjoys some pressure on the b-file.} 20. Nc6 Rb6
21. Ncd4 Bd5 22. Re7 Rc8 23. Rd7 Ba8 24. Rd1 Bf6 25. Rd2 Kf8 26. Nc5 $2 {
A careless move after which White is in troubles.} (26. f3 c5 27. Ne2 Ra6 28.
R7d6 Rxd6 29. Rxd6 Be5 30. Rd7 Bb8 $11) 26... Be7 $1 {[%csl Rd7][%cal Ge7d6]}
27. Rxe7 ({May be more accurate was} 27. Ndb3 Bd6 {[%csl Rd7]} 28. f3 Bc6 29.
R7xd6 cxd6 30. Rxd6 Ke7 $15) 27... Kxe7 28. Re2+ Kd6 29. b4 Bc6 30. h4 (30. a4
a5 $1 $17 {[%csl Rb4]}) 30... a5 31. Nxc6 Kxc6 32. a3 Kd5 33. Re4 axb4 34. axb4
Rf6 35. f3 $6 h6 36. Rd4+ Kc6 37. Nd7 Rf5 38. c4 Re8 39. Nc5 Re1+ 40. Kh2 Kb6
41. Na4+ Kb7 42. Nc5+ Kc8 $19 43. Na4 Rb1 44. c5 (44. b5 Rb4 45. Nc3 Rc5 $19)
44... g5 45. Nc3 Rc1 46. Ne4 Re5 47. hxg5 hxg5 48. b5 f6 $1 {[%csl Rh2][%cal
Ge5e8,Ge8h8]} 49. Nxf6 (49. b6 Re8 50. Kh3 f5 $19 {[%cal Ge8h8,Gc1h1]}) 49...
Re6 50. Ng4 Rxc5 51. Kh3 Re8 52. Kh2 Rxb5 53. Rd1 Kb7 54. Nf6 Re6 55. Ng4 Kb6
56. Nf2 c5 57. Rc1 Rh6+ 58. Kg1 Rc6 59. Ne4 c4 60. Kh2 Re5 61. Kg1 Rxe4 62.
fxe4 Kc5 0-1

[Event "RUS-ch"]
[Site "Krasnodar"]
[Date "2002.09.03"]
[Round "8"]
[White "Geller, Jakov"]
[Black "Ovetchkin, Roman"]
[Result "1-0"]
[WhiteElo "2406"]
[BlackElo "2557"]
[Annotator "Finkel,A"]
[PlyCount "73"]
[EventDate "2002.08.27"]
[EventType "swiss"]
[EventRounds "9"]
[EventCountry "RUS"]
[SourceTitle "CBM 091"]
[Source "ChessBase"]
[SourceDate "2002.11.12"]
[SourceVersion "1"]
[SourceVersionDate "2002.11.12"]
[SourceQuality "1"]

1. e4 d6 2. d4 Nf6 3. Nc3 e5 4. dxe5 dxe5 5. Qxd8+ Kxd8 6. Bc4 Be6 {Very solid
variation, however black may hardly hope for more than a draw, which is a very
serious drawback.} (6... Ke8 $5) 7. Bxe6 fxe6 8. Be3 Bd6 9. f3 Nc6 10. O-O-O
Ke7 11. Nb5 {Going after the bishop.} (11. Nge2 a6 (11... h6 12. Kb1 Rhf8 13.
Nb5 a6 14. Nxd6 cxd6 15. Bb6 Rfc8 16. Nc3 Nd8 17. a4 $14 {Skripchenko Lautier,
A-Stepovaia Dianchenko,T/Belgrade 2000}) 12. Rd2 (12. Na4 Nd7 13. b3 b5 14. Nb2
h6 15. Rd2 Rhd8 16. c3 Ke8 17. Rhd1 Rdb8 18. Kc2 $14 {Djuric,P-Ivanisevic,I/
Cetinje 1993}) 12... b5 13. Rhd1 Rhb8 14. Kb1 Nd7 (14... h6 15. Nc1 Na5 16. b3
Bb4 17. N1e2 Ba3 18. Ka1 Nc6 19. Nb1 Bd6 20. c3 Nd8 {1/2-1/2 Ilandzis,
S-Nikolaidis,I/Ikaria 1998/EXT 2000 (20)}) 15. Nc1 Nb6 16. Bxb6 Rxb6 17. Nb3 h5
18. Ne2 a5 19. c3 a4 $11 {L'Ami,E-Rebers,E/Amsterdam 2000}) (11. Nh3 a6 (11...
h6 12. Nf2 Nh5 13. Nb5 a6 14. Nxd6 cxd6 15. Rd2 b5 16. Rhd1 Rhd8 17. Nd3 $14 {
Van der Wiel,J-Titov,G/Debrecen 1992}) 12. Nf2 h6 13. Na4 Rhd8 14. Rd2 Bb4 15.
Rxd8 Rxd8 16. Nc5 b6 17. Nxa6 Bd6 18. a3 Ra8 19. Nb4 Nxb4 20. axb4 Bxb4 $11 {
Marciano,D-Maiwald,J/Austria 1999}) 11... a6 12. Nxd6 cxd6 13. Ne2 h6 (13... b5
14. Kb1 Rhc8 15. Rd2 Nb8 16. g4 Nbd7 17. g5 Ne8 18. f4 Rc4 19. Ng3 exf4 20.
Bxf4 Nf8 $13 {Norri,J-Houska,M/Bonnevoie 1998}) 14. Rd2 b5 15. b3 Rac8 16. Kb2
d5 17. Bc5+ Kf7 18. Ng3 Rcd8 (18... d4 $5 19. Ra1 Nd7 20. Bd6 g5 21. a4 b4 22.
a5 $14) 19. Ra1 $1 {[%cal Ga2a4] Intending to transfer a4.} dxe4 $5 {Forcing
multiple changes.} 20. Rxd8 Rxd8 21. Nxe4 Nxe4 22. fxe4 Rd2 23. Rf1+ Kg6 24.
Rf2 Rd1 {Black should easily hold a draw after the move in the game too, but
may be more accurate was} (24... Rxf2 $5 25. Bxf2 Kg5 26. Be3+ (26. Bg3 Kg4 27.
Kc3 h5 28. a3 h4 29. Be1 h3 30. gxh3+ Kxh3 31. Bg3 Kg4 32. Kd3 Kf3 $11) 26...
Kg4 27. c4 bxc4 28. bxc4 h5 29. Kc3 h4 $11 {with balanced position.}) 25. Kc3
$14 {[%csl Rg6]} Ra1 26. a3 Re1 27. Kd3 h5 28. h3 h4 29. Kd2 Rxe4 $2 {A
blunder after which black is lost on the spot.} (29... Ra1 30. Bd6 Rg1 $14) 30.
Be3 $1 $18 {[%csl Re4]} b4 31. a4 a5 32. Kd3 Rxe3+ 33. Kxe3 Kg5 34. Ke4 g6 35.
Rf8 Nd4 36. Ra8 Nxc2 37. Rxa5 1-0

[Event "RUS-ch"]
[Site "Krasnodar"]
[Date "2002.09.02"]
[Round "7"]
[White "Kornev, Alexei"]
[Black "Inarkiev, Ernesto"]
[Result "0-1"]
[WhiteElo "2567"]
[BlackElo "2545"]
[Annotator "Finkel,A"]
[PlyCount "94"]
[EventDate "2002.08.27"]
[EventType "swiss"]
[EventRounds "9"]
[EventCountry "RUS"]
[SourceTitle "CBM 091"]
[Source "ChessBase"]
[SourceDate "2002.11.12"]
[SourceVersion "1"]
[SourceVersionDate "2002.11.12"]
[SourceQuality "1"]

1. e4 g6 2. d4 Bg7 3. Nc3 d6 4. Be3 a6 5. h4 Nf6 6. f3 Nbd7 (6... b5 7. Qd2 (7.
g4 h5 8. e5 Nfd7 9. gxh5 Rxh5 10. e6 fxe6 11. Bd3 Nf8 12. f4 Rh8 13. Qg4 Bb7
14. Rh3 Bf6 15. O-O-O $36 {Short,N-Seirawan,Y/Luzern 1989}) 7... h6 8. O-O-O
Nbd7 9. g4 Nb6 10. b3 c6 11. Bh3 a5 12. g5 hxg5 13. hxg5 Nfd7 14. Bxd7+ Qxd7
15. Nge2 Rg8 $132 {Ivanov,A-Seirawan,Y/USA-ch 1989}) 7. Qd2 b5 8. O-O-O Bb7 (
8... h5 9. e5 b4 10. Na4 Nd5 11. Bg5 Bb7 12. Bc4 a5 13. Nh3 N7b6 14. Bb3 Qd7
15. Nxb6 cxb6 $13 {Ye Jiangchuan-Timman,J/Manila 1992}) 9. Bh6 Bxh6 10. Qxh6 e6
$5 {Intersting move, but hardly sufficient for equality.} (10... e5 11. d5 Qe7
12. g4 b4 13. Nce2 Nc5 14. Ng3 Rc8 15. Qd2 $14 {Ivanov,A-Burnett,R/New York
2000}) 11. e5 $5 (11. g4 Qe7 12. g5 Nh5 13. Nge2 O-O-O 14. Bh3 f5 $132) 11...
b4 12. Nce2 Nd5 13. Nf4 $5 {Exchanging an only active piece of black.} (13. Qg7
$6 Rf8 14. exd6 cxd6 15. Qxh7 Ne3 16. Re1 Rc8 $17 {[%csl Rc1,Rh7][%cal Gc8c1,
Gd8a5]}) 13... dxe5 14. dxe5 Qe7 (14... Nxe5 $2 15. Nxd5 Bxd5 16. Qg7 $18) 15.
Nxd5 exd5 $5 16. f4 a5 17. Nf3 {White keeps an advantage after the move in the
game too, but more accurate was} (17. h5 $1 O-O-O (17... a4 18. hxg6 fxg6 19.
Nf3 a3 (19... b3 20. a3 bxc2 21. Kxc2 $16) 20. b3 Qc5 21. Nd4 $16) 18. hxg6
fxg6 19. Nf3 Nc5 20. g3 Ne4 $14) 17... a4 18. Nd4 a3 19. b3 O-O-O 20. Bb5 $6 {
Strange decision.} (20. h5 Rhe8 $13) 20... Nc5 21. Qg5 Qxg5 22. hxg5 Ne4 $17 {
[%csl Ra2][%cal Ge4f2,Ge4c3] Now white is forced to give up a pawn.} 23. Rde1
Nc3 24. Bc6 Rdg8 $6 (24... Nxa2+ 25. Kd2 Nc3 $17) 25. Bxb7+ Kxb7 26. Ne2 Nxa2+
27. Kb1 $1 (27. Kd2 d4 28. Kd3 c5 29. Ra1 Nc3 30. Nxc3 dxc3 31. Kc4 Kc6 32.
Rad1 Rd8 $19) 27... Nc3+ 28. Nxc3 bxc3 29. Ka2 $2 {Another unfortunate
decision.} (29. Rd1 c6 30. Rh3 $14) 29... c5 30. b4 Kc6 $5 31. e6 fxe6 32.
Rxe6+ Kb5 33. bxc5 Kxc5 34. Kb3 (34. Kxa3 d4 $1 {[%csl Ra3]} 35. Ra6 Ra8 36.
Rxa8 Rxa8+ 37. Kb3 Rb8+ 38. Ka4 Kc4 39. Ka5 Rb2 $19) 34... Ra8 35. Kxc3 Rhb8
$19 36. Ree1 a2 37. Ra1 d4+ 38. Kd2 Kc4 39. Kc1 d3 $6 (39... Rb1+ $1 40. Rxb1
a1=Q 41. Rxa1 Rxa1+ 42. Kd2 Rxh1 $19) 40. cxd3+ Kb3 41. Rxh7 Ka3 $5 42. Rh1 (
42. d4 $5 Rb1+ $140 $6 43. Rxb1 Rc8+ 44. Kd2 axb1=Q 45. Ra7+ Kb2 46. Rb7+ Ka1
47. Rxb1+ Kxb1 48. g4 $11) 42... Rb2 43. g4 Rc8+ 44. Kd1 Rg2 45. Re1 Rb8 $1 (
45... Kb2) 46. Kc1 Rbb2 47. Rf1 Kb3 $1 0-1

[Event "SWE-NOR (Men)"]
[Site "Karlstad"]
[Date "2005.05.04"]
[Round "1"]
[White "Gausel, Einar"]
[Black "Hillarp Persson, Tiger"]
[Result "0-1"]
[WhiteElo "2518"]
[BlackElo "2533"]
[Annotator "Finkel,A"]
[PlyCount "76"]
[EventDate "2005.05.04"]
[EventType "team"]
[EventRounds "2"]
[EventCountry "SWE"]
[SourceTitle "CBM 108"]
[Source "ChessBase"]
[SourceDate "2005.09.26"]
[SourceVersion "1"]
[SourceVersionDate "2005.09.26"]
[SourceQuality "1"]

1. e4 g6 2. d4 Bg7 3. c3 d6 4. Nf3 Nf6 5. Bd3 O-O 6. O-O Nc6 7. Re1 (7. d5)
7... e5 8. h3 h6 9. Na3 Nh5 10. Nc2 a6 (10... Nf4 $6 11. Bxf4 exf4 12. b4 g5
13. b5 Ne7 14. e5 Nf5 15. Nb4 dxe5 16. dxe5 $14 {Collinson,A-Chabanon,J/Oakham
1992}) (10... Qf6 11. Be3 (11. Bf1 Nf4 12. b4 a6 13. Bb2 g5 14. Ne3 exd4 15.
Nxd4 Nxd4 16. cxd4 Be6 17. Qc2 c6 18. Rad1 d5 19. e5 Qe7 20. Nf5 $16 {
Iuldachev,S-Simonenko,S/Ashkhabad 1996}) (11. b4 Nf4 $6 12. Bxf4 Qxf4 13. Ne3
Ne7 14. Nf5 Nxf5 15. exf5 h5 16. g3 Qh6 17. dxe5 $14 {Bakhtadze,G-Sichinava,R/
Tbilisi 1997}) 11... Nf4 12. Bf1 g5 13. Nh2 Qg6 14. dxe5 dxe5 15. Bc5 Rd8 16.
Qf3 f5 $13 {Certic,B-Bogdanovski,V/Belgrade 1994}) (10... Bd7 11. b4 a6 12. a4
Qe8 13. Rb1 Na7 14. a5 Ba4 15. Qe2 Bb5 {1/2-1/2 Bakhtadze,G-Kulaots,K/Chemnitz
1998}) (10... Re8 11. b4 a6 12. a4 Nf4 13. Bf1 f5 14. exf5 Bxf5 15. Ne3 Qf6 16.
Nxf5 Qxf5 17. Nh4 Qf6 18. Bxf4 exf4 19. Qg4 $16 {Zagrebelny,S-Khamdamov,S/
Teheran 1998}) (10... Kh7 11. Kh2 Bd7 12. a4 a5 13. Bf1 Re8 14. dxe5 $6 dxe5
15. Ne3 f5 16. exf5 gxf5 $15 {Naiditsch,I-Siebrecht,S/Bochum 2003}) 11. a4 Qf6
{The most logical plan in the position. Black's intention is to put a knight
on f4 followed by g5, Qg6 and f5.} 12. a5 Nf4 13. Bf1 g5 14. d5 $5 {White's
idea is to take over the light squares on the kingside weakened by g5, so he
needs to close up a center in order to play Ne3.} (14. Kh2 $6 Qg6 (14... g4 15.
hxg4 Bxg4 16. Ne3 Bxf3 (16... h5 $6 17. Nf5 Bxf5 18. exf5 Qxf5 19. g3 $16 {
[%cal Gf1h3]}) 17. Qxf3 exd4 18. Nf5 Ne6 19. Nxh6+ Kh7 20. Nf5 $14) 15. b4 f5
16. exf5 Bxf5 17. Ne3 Nd3 $15) (14. Ne3 $6 exd4 15. Nd5 Nxd5 16. exd5 Ne7 $15)
14... Ne7 15. Ne3 Qg6 16. g4 $5 ({After} 16. Qa4 f5 17. exf5 Nxf5 18. Nxf5 Rxf5
(18... Bxf5 $6 19. Bxf4 exf4 20. Qc4 $14) 19. Nd2 g4 $36 {black gets a strong
play on the kingside.}) 16... Qxe4 $5 {I'm not sure that objectively this move
is any better than 16...Kh8 or some other move, but it drasticly changes a
situation on the board, making white's task much more difficult, so it's most
definetely a good idea.} (16... Kh8 17. Nf5 Nxf5 18. exf5 Qf6 19. Nd2 Qe7 20.
Ne4 Bd7 21. h4 $14) 17. Nf5 Bxf5 18. Rxe4 Bxe4 19. c4 ({White should've
started a fight for the light squares right away} 19. Bxf4 gxf4 20. c4 c6 21.
Nd2 Bg6 22. Qb3 Rab8 23. Bg2 $14) 19... c6 20. dxc6 (20. Bxf4 $142) 20... Bxc6
21. Qxd6 $2 {Opening up d-file serves black, who is better prepared for he
active piece play.} (21. Bxf4 gxf4 22. Bg2 e4 23. Nd4 f3 24. Bf1 Rad8 25. Rc1
$13) 21... Neg6 $15 {[%csl Gf4]} 22. Ne1 Rad8 23. Qa3 e4 $1 {[%csl Ra3,Re1,Rf1]
[%cal Gg6e5]} 24. Be3 Ne5 25. Qb3 {[%cal Ga1d1]} Rd7 26. Rd1 Rfd8 27. Rxd7 Rxd7
28. Bg2 (28. Bxf4 $6 gxf4 29. Qc2 {[%cal Gb2b5]} e3 30. fxe3 fxe3 31. b4 Rd2
32. Qf5 Rd1 $19) (28. Kh2 Nfd3 29. Bxd3 exd3 {[%cal Gd3d2]} 30. Qb4 Bf8 31. Qc3
Bc5 $1 $17) 28... Nxg2 29. Kxg2 Nd3 30. Nc2 (30. Nxd3 $2 exd3+ 31. f3 d2 32.
Qd1 Ba4 $19) 30... Nf4+ 31. Kh2 Rd3 32. Qb6 Be5 $19 {[%csl Rh2]} 33. Qa7 (33.
Bxf4 Bxf4+ 34. Kg2 e3+ 35. Kf1 Rd1+ 36. Ke2 Rd2+ $19) 33... Ne2+ 34. Kg2 Rd1
35. h4 Rg1+ 36. Kh3 h5 $1 37. f3 Rh1+ 38. Kg2 exf3+ $1 0-1